20 Largest Countries bordering Coastal ones only - Statistics

General Stats
  • This quiz has been taken 122 times
  • The average score is 12 of 20
Answers on the Map
Answers color-coded by a green-red scale on the quiz's map according to % correct below.
 
Answer Stats
Country % Correct
Canada
99%
United States
99%
Mexico
93%
Colombia
80%
Saudi Arabia
80%
Sweden
79%
Norway
77%
Finland
76%
Venezuela
74%
Egypt
66%
Morocco
66%
Yemen
57%
Oman
56%
Ecuador
54%
Iraq
53%
Mongolia
36%
Guyana
31%
Laos
28%
Gabon
18%
Belarus
15%
No matching quizzes found
Score Distribution
Percent of People with Each Score
Percentile by Number Answered
Your Score History
You have not taken this quiz